LEADER 01773nam 2200529 450 001 996479372703316 005 20230720171334.0 010 $a3-030-81627-3 035 $a(MiAaPQ)EBC6977412 035 $a(Au-PeEL)EBL6977412 035 $a(CKB)22046312400041 035 $a(PPN)269155066 035 $a(EXLCZ)9922046312400041 100 $a20221130d2022 uy 0 101 0 $aeng 135 $aurcnu|||||||| 181 $ctxt$2rdacontent 182 $cc$2rdamedia 183 $acr$2rdacarrier 200 00$aIn situ visualization for computational science /$fHank Childs, Janine C. Bennett and Christoph Garth, editors 210 1$aCham, Switzerland :$cSpringer,$d[2022] 210 4$d©2022 215 $a1 online resource (464 pages) 225 1 $aMathematics and visualization 311 08$aPrint version: Childs, Hank In Situ Visualization for Computational Science Cham : Springer International Publishing AG,c2022 9783030816261 320 $aIncludes bibliographical references. 410 0$aMathematics and visualization. 606 $aInformation visualization 606 $aComputer graphics$xMathematics 606 $aComputer graphics 606 $aVisualització de la informació$2thub 608 $aLlibres electrònics$2thub 615 0$aInformation visualization. 615 0$aComputer graphics$xMathematics. 615 0$aComputer graphics. 615 7$aVisualització de la informació 676 $a001.4226 702 $aChilds$b Hank 702 $aBennett$b Janine 702 $aGarth$b Christoph 801 0$bMiAaPQ 801 1$bMiAaPQ 801 2$bMiAaPQ 906 $aBOOK 912 $a996479372703316 996 $aIn situ visualization for computational science$92986616 997 $aUNISA LEADER 00889nam1 22002651i 450 001 RML0264350 005 20231121125721.0 100 $a20121121g19769999||||0itac50 ba 101 | $ager 102 $ade 181 1$6z01$ai $bxxxe 182 1$6z01$an 200 1 $aRepertorium der Griechischen Christlichen Papyri 210 $aBerlin$aNew York $cDe Gruyter 215 $av.$d24 cm 225 | $aPatristiche texte und studien 410 0$1001RML0331588$12001 $aPatristiche texte und studien 463 1$1001RML0287128$12001 $a˜Vol. 2.: œKirchenvzater Papyri, 1: Beschreibungen $fherausgegeben von Kurt Aland und Hans-Udo Rosenbaum 606 $aPapiri greci cristiani$2FIR$3RMLC190946$9I 801 3$aIT$bIT-01$c20121121 912 $aRML0264350 967 $m1 977 $a 52 996 $aRepertorium der griechischen christlichen Papyri$986093 997 $aUNICAS